logo

Bir Sreshtho Munshi Abdur Rouf Library
Jhenaidah Cadet College

The Guinness book of records 1998 / (Record no. 9909)

MARC details
000 -LEADER
fixed length control field 01462cas a2200349 a 4500
001 - CONTROL NUMBER
JCCL Control Number 9909
003 - CONTROL NUMBER IDENTIFIER
JCCL marc code BD-JhCC
005 - DATE AND TIME OF LATEST TRANSACTION
control field 20180403122753.0
008 - FIXED-LENGTH DATA ELEMENTS--GENERAL INFORMATION
fixed length control field 180403d19911997nyuar 0 a0eng c
022 0# - INTERNATIONAL STANDARD SERIAL NUMBER
International Standard Serial Number 1057-4557
035 ## - SYSTEM CONTROL NUMBER
system control number (OCoLC)ocm22474859
-- (BD-JhCC)9909
040 ## - CATALOGING SOURCE
Original cataloging agency JED
Transcribing agency JED
Modifying agency SDL
-- IBI
-- IUL
-- WAU
-- HUL
-- NSD
-- NST
-- ELM
-- NYG
-- NST
-- HUL
-- NST
-- DLC
-- MYG
-- HUL
-- DLC
-- NSD
-- IUL
-- NLGGC
-- FMO
-- OCLCQ
-- GBVCP
-- OCLCF
-- OCLCO
-- BD-JhCC
041 ## - LANGUAGE CODE
Language code of Book eng
050 00 - LIBRARY OF CONGRESS CALL NUMBER
Classification number AG243
Item number .G87
082 10 - DEWEY DECIMAL CLASSIFICATION NUMBER
Classification number 031
DDC Edition number 12
Author mark and Year GUI 1997
245 04 - TITLE STATEMENT
Title The Guinness book of records 1998 /
Statement of responsibility, etc 1997 Guinness Publishing Ltd.
260 ## - PUBLICATION, DISTRIBUTION, ETC. (IMPRINT)
Place of publication, distribution, etc New York :
Name of publisher, distributor, etc Facts on File,
Date of publication, distribution, etc 1997.
300 ## - PHYSICAL DESCRIPTION
Pagination 352 p. :
Other physical details ill. ;
Dimensions 30 cm.
515 ## - NUMBERING PECULIARITIES NOTE
Numbering peculiarities note Issue for 1991-1996 called also 29th US ed.-35th ed.
580 ## - LINKING ENTRY COMPLEXITY NOTE
Linking entry complexity note Issued also in a London edition.
650 #0 - SUBJECT ADDED ENTRY--TOPICAL TERM
Topical term or geographic name as entry element World records
Form subdivision Periodicals.
650 #0 - SUBJECT ADDED ENTRY--TOPICAL TERM
Topical term or geographic name as entry element Curiosities and wonders
Form subdivision Periodicals.
650 17 - SUBJECT ADDED ENTRY--TOPICAL TERM
Topical term or geographic name as entry element Records.
650 #7 - SUBJECT ADDED ENTRY--TOPICAL TERM
Topical term or geographic name as entry element Curiosities and wonders.
650 #7 - SUBJECT ADDED ENTRY--TOPICAL TERM
Topical term or geographic name as entry element World records.
655 #7 -
Genre/form data or focus term Periodicals.
Source of term fast
710 ## - ADDED ENTRY--CORPORATE NAME
Corporate name or jurisdiction name as entry element 1997 Guinness Publishing Ltd.
785 00 - SUCCEEDING ENTRY
Title Guinness book of world records (Stamford, Conn.)
Record control number (DLC)sn 96038304
-- (OCoLC)35914199
942 ## - ADDED ENTRY ELEMENTS (KOHA)
Source of classification or shelving scheme Dewey Decimal Classification
Koha item type Books
Holdings
Source of classification or shelving scheme Damaged status Not for loan Home library Current library Shelving location Date of accession Total Checkouts Full call number Barcode Date last seen Copy number Koha item type
Dewey Decimal Classification     JCC Rouf Library JCC Rouf Library General Stacks 04/03/2018   031 GUI 1997 13387 04/03/2018 C-1 Books

JCC Library | Contacts | JCC Home

Last Update on 23 September 2017
Copyright @ 2017-2020 JCC Rouf Library
Rouf Library, Jhenidah Cadet College (JCC), Bangladesh